| 000 | 05082nam a22004697a 4500 | ||
|---|---|---|---|
| 005 | 20101115121621.0 | ||
| 010 | _aB-420648-669 | ||
| 020 |
_a9788120335424 _c375.00 |
||
| 035 | _aB-420648-669 | ||
| 037 | _bBharatiya Sahitya Bhavana | ||
| 082 | _a658.409 | ||
| 100 |
_aMcGrath, E.H. _924320 |
||
| 245 |
_aBasic managerial skills for all / _cby E.H. McGrath |
||
| 250 | _a8th ed. | ||
| 260 |
_aNew Delhi _bPrentice Hall of India _c2010 |
||
| 270 |
_aM-97, Connaught Circus, _bNew Delhi _e110001 |
||
| 300 |
_axxiii, 783p.: _c23 cm (pbk) _bill. |
||
| 942 |
_cEN _h658.409 _2ddc _mMCG |
||
| 999 |
_c35580 _d35580 |
||